Top 500 Girl Names 2019 UK - Alphabetical - Statistics

General Stats
  • This quiz has been taken 329 times
  • The average score is 231 of 499
Answer Stats
% Correct
323 A Ana
95%
82 A Anna
95%
35 E Eva
87%
59 E Emma
86%
360 E Emilie
85%
11 E Emily
85%
181 E Eve
85%
182 L Lillie
85%
86 L Lilly
85%
9 L Lily
85%
25 A Alice
84%
475 A Alys
84%
4 A Ava
84%
236 H Hana
84%
142 H Hanna
84%
68 H Hannah
84%
142 I Isabel
84%
28 I Isabelle
84%
151 I Isobel
84%
97 L Lara
84%
176 L Laura
84%
1 O Olivia
84%
386 O Oliwia
84%
480 E Ela
83%
38 E Eliza
83%
13 E Ella
83%
331 A Amal
81%
18 C Charlotte
81%
485 K Katherine
80%
83 A Abigail
79%
212 A Amy
79%
417 C Catherine
79%
55 E Elizabeth
79%
63 E Ellie
79%
12 I Ivy
78%
69 M Maria
78%
289 M Mary
78%
2 A Amelia
77%
39 C Chloe
77%
6 I Isabella
77%
56 R Rose
77%
362 A Aila
76%
424 A Aiyla
76%
84 A Ayla
76%
20 E Evelyn
76%
3 I Isla
76%
322 I Iyla
76%
439 I Izabella
76%
88 S Sara
76%
107 S Sarah
76%
266 B Belle
74%
245 A Annabel
73%
115 A Annie
73%
53 B Bella
73%
8 G Grace
73%
5 M Mia
73%
42 A Aria
72%
417 A Ariah
72%
333 A Ariya
72%
469 A Ariyah
72%
120 A Arya
72%
15 E Evie
72%
310 L Lillian
72%
231 A Alicia
71%
353 A Alicja
71%
256 A Alisha
71%
52 E Eleanor
71%
170 H Hollie
71%
72 H Holly
71%
119 J Julia
71%
373 M Mali
71%
118 M Mollie
71%
57 M Molly
71%
14 R Rosie
71%
31 D Daisy
70%
75 G Georgia
70%
81 I Iris
70%
355 J Jennifer
70%
453 L Lauren
70%
37 M Millie
70%
141 A Aaliyah
69%
117 A Alexandra
69%
87 A Annabelle
69%
26 S Sofia
69%
7 S Sophia
69%
288 Z Zofia
69%
47 A Ada
67%
439 A Aida
67%
188 A Ayda
67%
33 J Jessica
67%
439 L Lia
67%
160 N Nora
67%
283 N Norah
67%
23 S Sophie
67%
325 B Beau
66%
54 E Erin
66%
10 F Freya
66%
448 F Freyja
66%
73 J Jasmine
66%
207 K Katie
66%
361 L Lucie
66%
61 L Lucy
66%
110 O Olive
66%
104 V Victoria
66%
96 Z Zoe
66%
91 C Clara
65%
21 E Elsie
65%
16 F Florence
65%
74 G Gracie
65%
345 K Klara
65%
292 L Laila
65%
48 L Layla
65%
218 L Leila
65%
485 L Leyla
65%
218 M Maia
65%
197 M Maja
65%
34 M Maya
65%
135 M Mya
65%
485 M Myah
65%
448 A Alexis
64%
298 A Aliyah
64%
79 A Amber
64%
362 A Angel
64%
126 A Ariana
64%
348 A Arianna
64%
29 H Harper
64%
377 N Natalie
64%
331 R Rachel
64%
185 A Alana
63%
430 A Alannah
63%
267 D Diana
63%
89 E Edith
63%
180 E Esther
63%
17 P Poppy
63%
154 R Rosa
63%
27 R Ruby
63%
179 B Bethany
62%
148 F Faith
62%
392 F Frances
62%
49 H Harriet
62%
41 P Penelope
62%
76 D Delilah
60%
291 F Flora
60%
269 H Helena
60%
60 L Lola
60%
496 E Elsa
59%
260 G Gabriela
59%
137 G Gabriella
59%
45 I Imogen
59%
325 L Lila
59%
217 L Lilah
59%
98 L Lyla
59%
472 R Rebeca
59%
174 R Rebecca
59%
496 A Addison
58%
222 I India
58%
36 L Luna
58%
121 M Maddison
58%
163 M Madison
58%
51 V Violet
58%
156 Z Zahra
58%
66 Z Zara
58%
80 A Amelie
57%
158 C Cora
57%
496 H Hayley
57%
127 H Hope
57%
169 L Lena
57%
396 M Margaret
57%
192 N Natalia
57%
139 N Nina
57%
294 A Audrey
56%
103 E Esmae
56%
43 E Esme
56%
417 E Esmee
56%
256 J Josie
56%
443 L Lilia
56%
95 M Martha
56%
305 N Nell
56%
305 N Nia
56%
155 A Alayna
55%
414 A Annabella
55%
134 E Elena
55%
106 F Francesca
55%
253 L Lana
55%
297 M Madeleine
55%
443 M Madeline
55%
22 P Phoebe
55%
358 A Arla
53%
329 K Kayla
53%
166 N Naomi
53%
78 O Orla
53%
173 P Penny
53%
491 A Andreea
52%
305 C Cara
52%
187 D Dorothy
52%
129 E Eloise
52%
273 J Jessie
52%
409 K Kara
52%
194 N Nicole
52%
285 Q Quinn
52%
323 A Aubree
51%
223 A Aubrey
51%
424 A Avery
51%
90 B Beatrice
51%
164 B Beatrix
51%
148 H Hazel
51%
93 H Heidi
51%
123 L Leah
51%
382 L Leia
51%
64 N Nancy
51%
114 N Nellie
51%
485 S Scarlet
51%
44 S Scarlett
51%
19 W Willow
51%
138 A Anastasia
50%
70 A Aurora
50%
355 B Betty
50%
159 B Brooke
50%
111 E Eden
50%
251 E Elise
50%
302 E Emelia
50%
32 E Emilia
50%
58 H Hallie
50%
269 J Josephine
50%
223 K Keira
50%
204 K Kiara
50%
401 K Kyra
50%
402 L Louisa
50%
133 L Lydia
50%
40 M Maisie
50%
453 M Maisy
50%
184 M Megan
50%
234 N Nelly
50%
239 A Aleena
49%
491 C Camilla
49%
100 F Felicity
49%
197 G Georgie
49%
275 A Alina
48%
255 A Alyssa
48%
269 A Anya
48%
250 A April
48%
62 B Bonnie
48%
122 D Darcey
48%
77 D Darcie
48%
115 D Darcy
48%
108 F Fatima
48%
345 F Fatimah
48%
242 G Georgina
48%
71 A Arabella
47%
130 A Autumn
47%
275 B Billie
47%
214 C Callie
47%
261 IR Ivy-Rose
47%
458 J Joanna
47%
283 M Melissa
47%
50 M Mila
47%
243 N Neve
47%
131 N Niamh
47%
206 P Paige
47%
142 S Sadie
47%
373 S Stella
47%
474 C Cali
45%
319 F Faye
45%
386 LR Lily-Rose
45%
30 M Matilda
45%
177 O Ophelia
45%
123 S Savannah
45%
24 S Sienna
45%
102 A Aisha
44%
240 A Ayesha
44%
136 C Connie
44%
325 E Erica
44%
469 E Erika
44%
128 F Frankie
44%
251 IR Isla-Rose
44%
399 OR Olivia-Rose
44%
211 P Polly
44%
355 T Tia
44%
475 A Adelaide
43%
238 E Everly
43%
67 L Lottie
43%
243 R Riley
43%
162 A Amara
42%
275 AR Ava-Rose
42%
417 E Eadie
42%
109 E Edie
42%
197 H Halle
42%
212 H Harley
42%
275 I Ida
42%
98 M Mabel
42%
315 N Nadia
42%
125 P Pippa
42%
301 R Rosalie
42%
92 S Summer
42%
317 A Adeline
41%
204 A Athena
41%
227 H Hattie
41%
132 L Lexi
41%
382 L Lexie
41%
183 M Maggie
41%
302 Y Yasmin
41%
241 AR Amelia-Rose
40%
231 E Eliana
40%
259 ER Ella-Rose
40%
214 E Emmie
40%
343 E Evangeline
40%
480 M Michelle
40%
168 P Piper
40%
362 V Vivienne
40%
113 A Amaya
38%
342 A Amayah
38%
248 A Amina
38%
371 A Aminah
38%
229 A Ariella
38%
353 BR Bella-Rose
38%
409 E Everleigh
38%
202 L Lucia
38%
150 L Lyra
38%
295 M Melody
38%
196 S Seren
38%
46 T Thea
38%
202 A Aurelia
37%
368 AM Ava-Mae
37%
140 B Betsy
37%
266 C Constance
37%
417 GM Gracie-Mae
37%
389 LM Lily-Mae
37%
373 M Macie
37%
218 M Maeve
37%
293 M Miriam
37%
152 P Paisley
37%
409 S Serena
37%
458 C Caitlin
36%
191 C Cleo
36%
171 I Indie
36%
496 IM Isla-Mae
36%
201 L Liliana
36%
432 M Mira
36%
186 N Nova
36%
480 S Selena
36%
236 Z Zuzanna
36%
178 A Amira
35%
340 A Amirah
35%
428 HR Harper-Rose
35%
373 M Marley
35%
161 S Skye
35%
156 T Tilly
35%
382 D Daphne
34%
371 D Demi
34%
112 E Elodie
34%
208 L Lacey
34%
94 M Margot
34%
308 M Mariam
34%
84 M Maryam
34%
345 A Alma
33%
223 A Antonia
33%
258 H Harlow
33%
402 J Jannat
33%
317 P Peyton
33%
295 D Dolly
31%
485 K Kyla
31%
265 L Lois
31%
336 P Philippa
31%
430 R Raya
31%
165 S Skylar
31%
443 S Skyler
31%
263 T Talia
31%
417 B Bianca
30%
432 B Blake
30%
377 E Ebony
30%
475 EM Ella-Mae
30%
386 H Harmony
30%
329 M Minnie
30%
194 S Skyla
30%
424 S Sydney
30%
208 T Tabitha
30%
414 A Agnes
29%
300 E Emmeline
29%
458 G Genevieve
29%
105 N Nevaeh
29%
349 R Robin
29%
65 R Robyn
29%
263 V Valentina
29%
253 A Alessia
28%
269 L Libby
28%
453 P Pola
28%
377 S Sylvie
28%
189 A Aoife
27%
336 A Aya
27%
261 A Ayah
27%
338 E Elisa
27%
475 F Fearne
27%
362 F Fern
27%
453 I Indiana
27%
399 I Iona
27%
432 M Mara
27%
218 P Pearl
27%
226 R Remi
27%
458 C Cecilia
26%
313 D Daria
26%
152 M Marnie
26%
480 M Milana
26%
480 M Milena
26%
432 N Noa
26%
275 N Nyla
26%
358 N Nylah
26%
402 D Dakota
24%
285 M Miley
24%
210 W Wren
24%
146 Z Zainab
24%
320 Z Zaynab
24%
316 A Astrid
23%
308 E Effie
23%
414 F Fleur
23%
389 I Imaan
23%
310 N Nola
23%
334 R Rae
23%
443 R Rowan
23%
310 W Winter
23%
432 W Wynter
23%
402 A Amalia
22%
245 E Etta
22%
392 H Henrietta
22%
349 L Lina
22%
289 N Noor
22%
234 W Winnie
22%
382 A Alaya
21%
175 A Alba
21%
439 A Anais
21%
147 A Anaya
21%
377 A Anayah
21%
302 D Dottie
21%
248 L Liyana
21%
424 P Peggy
21%
432 T Tiana
21%
402 A Alaia
20%
167 R River
20%
298 T Tallulah
20%
247 C Clementine
19%
465 R Renee
19%
377 V Verity
19%
190 A Aliza
17%
396 H Honey
17%
101 M Myla
17%
200 Z Zoya
17%
402 A Ayana
16%
171 K Khadija
16%
216 K Khadijah
16%
142 O Ottilie
16%
338 F Ffion
15%
275 H Hafsa
15%
465 H Hermione
15%
227 I Inaaya
15%
362 I Inaya
15%
342 I Inayah
15%
273 J Jemima
15%
432 L Livia
15%
398 P Phoenix
15%
285 V Vienna
15%
458 H Hania
14%
233 H Haniya
14%
465 R Raven
14%
392 S Saoirse
14%
349 S Sapphire
14%
328 A Aiza
13%
275 A Aizah
13%
491 A Amiyah
13%
469 K Karina
13%
491 K Kitty
13%
453 I Isra
12%
402 M Meadow
12%
230 P Primrose
12%
362 B Blossom
10%
448 H Halima
10%
334 R Reeva
10%
193 S Safa
10%
458 S Shelby
10%
314 S Syeda
10%
491 Y Yara
10%
409 A Aniyah
9%
320 A Ayra
9%
448 E Eira
9%
392 E Evelina
9%
368 I Iqra
9%
485 J Juno
9%
472 S Stevie
9%
340 T Theodora
9%
391 Y Yusra
9%
275 A Ayat
8%
428 P Pixie
8%
465 D Dolcie
7%
349 D Dua
7%
409 E Eshaal
6%
448 M Marwa
6%
458 M Minahil
6%
368 H Hawa
5%
417 A Anabia
3%
475 H Hareem
3%
443 M Manha
1%
No matching quizzes found
Score Distribution
Percent of People with Each Score
Percentile by Number Answered
Your Score History
You have not taken this quiz